| 000 | 00662nam a2200217Ia 4500 | ||
|---|---|---|---|
| 008 | 240729s9999 xx 000 0 und d | ||
| 022 | _a2366-0074 | ||
| 245 | 0 | _aInternational Journal of Corporate Social Responsibility | |
| 260 | _aUnited Kingdom | ||
| 260 | _bSpringerOpen | ||
| 650 | _a Business | ||
| 650 | _a Business ethics | ||
| 650 | _a Commerce | ||
| 650 | _a Industries. Land use. Labor | ||
| 650 | _a Management. Industrial management | ||
| 650 | _a Social responsibility of business | Social Sciences | ||
| 650 | _aSocial Sciences | ||
| 856 | _uhttps://doaj.org/toc/e551bcb99c0a4169b54b1a5a68cae4ea | ||
| 942 | _2ddc | ||
| 942 | _cDOAJEJ | ||
| 999 |
_c73989 _d73989 |
||
| 945 |
_a1 _bMadushi Gamage _c1 _dMadushi Gamage |
||